000 00404nam a2200145Ia 4500
008 220803s9999 xx 000 0 und d
020 _a81-904096-3-8
041 _aeng
082 _a745.4 RAM
100 _aRamaswamy S
_920253
245 _aBiomimicry : Analysis Of Contemporary Biomimetic Approaches.
260 _aAhmedabad
_bResearch Cell SID
_c2007
300 _a214p
650 _aBasic Design
_920254
999 _c13631
_d13631